Science Quiz

Random Science Quiz

Quick Elements Riddler Quiz Stats

 Plays Quiz not verified by Sporcle

Challenge
Share
Tweet
Embed
Score 0/21 Timer 04:00
0 Plays Today
Hint Element % Correct
I was the flesh of one of Dorothy's mates , and no I am not a feral beast.???
90.5%
Every pencil has one, yet it doesn't have me.???
81%
I am there in alcohol, yet not in water???
66.7%
What does brass have that bronze doesn't ????
47.6%
Last Named Element of the Periodic Table???
42.9%
You can look for me everywhere on earth you won't find me, yet I am one of the first 60???
42.9%
I am the difference between steel and stainless steel???
42.9%
Fact: The sun is at the centre of solar system, not the Earth???
38.1%
Iron is to Humans as _______ is to Mollucs???
38.1%
I killed my Mom but the ladies painted their lips with me in 1920s???
33.3%
Pietro Maximoff???
28.6%
Hint Element % Correct
I am the metal that would melt in your hand???
28.6%
Here is an easy one: Purple is my color, Volatile is my nature???
28.6%
I was born from my father's urine???
23.8%
X Rays???
23.8%
Davy warned you, to not feed me water???
19%
I filled the fat man and an entire city couldn't satisfy his appetite???
14.3%
If you increase vitamin E you need less of me ???
9.5%
When I am more I give you diabetes with a bronze touch???
4.8%
BBBBBBBBBBBB. Can you see my heart ????
0%
I cause madness when in your blood, yet I am used in packing chips.???
0%

You're not logged in!

Compare scores with friends on all Sporcle quizzes.
Join for Free
OR
Log In

You Might Also Like...

Show Comments

Extras

Created Jul 27, 2014ReportNominate
Tags:quick

Top Quizzes Today


Score Distribution

Your Account Isn't Verified!

In order to create a playlist on Sporcle, you need to verify the email address you used during registration. Go to your Sporcle Settings to finish the process.

Report this User

Report this user for behavior that violates our Community Guidelines.

Details: